00379nam a2200145Ia 4500008004100000020001800041041001200059082001100071100001700082245007100099250000800170260003100178300000900209650001500218221030s9999 xx 000 0 und d a9788126135844 aEnglish a105.23 aV. K. Bhalla 0aInternational Financial Management - Text & Casescby V. K. Bhalla a7th bAnmol PubaNew Delhic2008 a1185 aManagement